Degradation of a-chitosan by combined treatiment with hydropero xide and gamma 60Co radiatio /
محفوظ في:
| المؤلف الرئيسي: | |
|---|---|
| مؤلفون آخرون: | , , |
| التنسيق: | مقال |
| اللغة: | Vietnamese |
| الوسوم: |
إضافة وسم
لا توجد وسوم, كن أول من يضع وسما على هذه التسجيلة!
|
| Thư viện lưu trữ: | Thư viện Trường Đại học Đà Lạt |
|---|
| LEADER | 00886nam a2200265 4500 | ||
|---|---|---|---|
| 001 | DLU120142299 | ||
| 005 | ##20121010 | ||
| 040 | # | # | |a DLU |b vie |
| 041 | # | # | |a vie |
| 044 | # | # | |a vn |
| 100 | # | # | |a Nguyen Quoc Hien. |
| 245 | # | # | |a Degradation of a-chitosan by combined treatiment with hydropero xide and gamma 60Co radiatio / |c Nguyen Quoc Hien... [và những người khác]. |
| 700 | # | # | |a Bui Phuoc Phuc |
| 700 | # | # | |a Dang Van Phu. |
| 700 | # | # | |a Ha Thuc Huy |
| 773 | # | # | |t Tuyển tập báo cáo: Hội nghị khoa học và công nghệ hạt nhân toàn quốc lần thứ VII |g 2008, tr. 356-360 |
| 920 | # | # | |a Phòng Tạp chí -- Trung tâm Thông tin - Thư viện Trường Đại học Đà Lạt |
| 994 | # | # | |a DLU |
| 900 | # | # | |a True |
| 911 | # | # | |a Nguyễn Thị Mai Anh |
| 925 | # | # | |a G |
| 926 | # | # | |a A |
| 927 | # | # | |a BB |
| 980 | # | # | |a Thư viện Trường Đại học Đà Lạt |